Statistics for U.S. General Knowledge by Letter - H

Click here to take the quiz!

General Stats

  • This quiz has been taken 68 times
  • The average score is 10 of 20

Answer Stats

HintAnswer% Correct
U.S. StateHawaii
98%
Capital of the aboveHonolulu
96%
Biggest city in TexasHouston
96%
2nd Biggest Great LakeHuron
91%
Capital of ConnecticutHartford
83%
Capital of PennsylvaniaHarrisburg
81%
River going through the state of New YorkHudson
80%
Capital of MontanaHelena
72%
Pennsylvania City that has the same name as a type of candyHershey
67%
He was president of USA from 1929-1933Herbert Hoover
59%
He was president of USA from 1945-1953Harry Truman
50%
Famous City in CaliforniaHollywood
41%
Northern Alabama cityHuntsville
26%
Only National Park in ArkansasHot Springs
19%
City on the boder of West Virginia and OhioHuntington
11%
Central city in KansasHutchinson
7%
Grand Rapids neighborHolland
4%
National Park in MauiHaleakala
4%
Biggest City fully on Long IslandHempstead
4%
Another National Park on the big islandHawaii Volcanoes
2%

Score Distribution

Percentile by Number Answered

Percent of People with Each Score

Your Score History

You have not taken this quiz